000 00705cam a22002174a 4500
001 13459660
005 20251105152335.0
008 040115s2005 njua b 001 0 eng
020 _a0131137646
020 _a9780131137646
050 0 0 _aT55
_b.G586 2005
082 0 0 _a658.4/08
_222
100 1 _aGoetsch, David L.
245 1 0 _aOccupational safety and health for technologists, engineers, and managers /
_cDavid L. Goetsch.
250 _a5th ed.
260 _aUpper Saddle River, NJ :
_bPearson Prentice Hall,
_cc2005.
300 _axxii, 889 p. :
_bcol. ill. ;
_c24 cm.
650 0 _aIndustrial safety
_zUnited States.
650 0 _aIndustrial hygiene
_zUnited States.
942 _2lcc
_cBK
_e5th ed.
_n0
999 _c8083
_d8083